[Event "Tata Steel-A 78th"]
[Site "Wijk aan Zee"]
[Date "2016.01.16"]
[Round "1"]
[White "Mamedyarov, Shakhriyar"]
[Black "Van Wely, Loek"]
[Result "1/2-1/2"]
[WhiteElo "2747"]
[BlackElo "2640"]
[Annotator "Sumets,A"]
[PlyCount "151"]
[EventDate "2016.01.16"]
[EventType "tourn"]
[EventRounds "13"]
[EventCountry "NED"]
[EventCategory "20"]
[SourceTitle "CBM 171"]
[Source "ChessBase"]
[SourceDate "2016.03.14"]
[SourceVersion "2"]
[SourceVersionDate "2016.03.14"]
[SourceQuality "1"]

1. d4 d5 2. c4 c6 3. Nf3 Nf6 4. g3 {This line is getting more and more popular
nowadays.} dxc4 (4... g6 {leads to the Grünfeld Defence.} 5. Bg2 Bg7 6. O-O
O-O 7. Qb3 Qb6 8. Nc3 Bf5 9. Re1 Na6 10. Qxb6 axb6 11. cxd5 cxd5 12. Bg5 Nb4
13. Red1 Rfd8 $1 (13... Be6 14. Ne1 h6 15. Bxf6 Bxf6 16. e3 Rfd8 17. h3 Kf8 18.
a3 Nc6 19. Nd3 $14 {Pantsulaia,L (2598)-Margvelashvili,G (2527) 1/2 (41)
Tbilisi 2010}) 14. Ne1 h6 15. Bf4 Rd7 (15... g5 $5 16. Bc7 (16. Be5 $142 Nc6
17. e3 e6 18. Nd3 Ne4 $11) 16... Rdc8 17. Bxb6 Nd7 18. Bxd5 (18. Nxd5 $2 Nxd5
19. Bxd5 Ra4 $1 20. Bxb7 Rb8 21. Bc6 Nxb6 22. Bxa4 Nxa4 $17 {Despite the
material advantage, White needs good advice.}) 18... Nxd5 19. Nxd5 Kf8 20. Bc7
Be6 21. Nb6 Rxc7 22. Nxa8 Rc8 $15) 16. b3 Ne4 17. Na4 Ra6 18. f3 Nd6 $11 {
Mamedyarov,S (2757)-Stefanova,A (2517) 1-0 (60)Doha QAT 2014}) (4... Bf5 {
See the games Mamedyarov,S-Nakamura,H 2014 Shamkir 2014, annotated by Negi and
Mamedyarov,S-Tomashevsky,E Baku 2014, annotated by Marin.}) (4... e6 5. Bg2 {
Black can take 5...dxc4 or continue to develop pieces with 5...Be7 or 5...Nbd7}
Be7 (5... Nbd7 6. Nbd2 Be7 7. O-O O-O 8. Qc2 b6 9. e4 Ba6 10. b3 Rc8 11. Bb2 c5
12. exd5 exd5 13. Qf5 (13. Rad1 Re8 14. Qf5 g6 15. Qh3 Rc7 $6 16. Ng5 (16. Rfe1
$5 h5 $6 17. cxd5 Nxd5 18. Ne5 $16) 16... h5 17. Rfe1 Nf8 $2 (17... cxd4 {
It looks dangerous, but it seems to me that White can't take on f7.} 18. Nxf7
$6 (18. Qh4 Ng4 19. Bxd4 $13) (18. Bxd4 Bb4 19. Rxe8+ Qxe8 20. Bf1 Ng4 $15)
18... Kxf7 19. Bxd5+ Nxd5 20. Qe6+ Kf8 21. cxd5 Nf6 22. Bxd4 Bc8 $15) 18. dxc5
Bc8 19. Qh4 Bg4 20. Ndf3 $16 {Damljanovic,B (2582)-Miladinovic,I (2555) 0-1 
(44)Vrnjacka Banja 2012}) 13... g6 14. Qh3 h5 15. Rfe1 Rc7 $6 (15... dxc4 16.
Nxc4 Ng4 17. Rad1 cxd4 18. Nxd4 Bc5 $132) 16. Qh4 cxd4 17. Qxd4 Bc5 18. Qf4 $16
{Gharamian,T (2609)-Miladinovic,I (2559) 1-0 (25) Cannes 2010}) 6. O-O O-O 7.
Qc2 b6 8. b3 Bb7 9. Rd1 Na6 10. Nc3 Rc8 11. e4 h6 12. Bf4 Re8 13. Ne5 Bb4 14.
exd5 exd5 15. a3 Bd6 16. Qf5 $14 {Vidit,S (2651)-Karthikeyan,P (2441) 1-0 (36)
Thiruvarur IND 2015}) 5. Bg2 b5 6. b3 {This is almost a novelty.} (6. O-O Bb7
7. a4 e6 8. Ne5 a6 9. Nc3 {leads to the main line.}) (6. a4 {Sooner or later
Black plays ...e6 and the game will transpose to the Catalan.} Bb7 7. O-O e6 8.
Ne5 a6 9. Nc3 Be7 10. axb5 axb5 11. Rxa8 Bxa8 12. Nxb5 {White regains the pawn
and generally this line might be evaluated as 'equal'.} (12. Bf4 Nd5 13. Qa1
Bb7 14. Qa7 Qc8 15. Nxc4 Nxf4 16. Nb6 Nxe2+ 17. Nxe2 Qc7 18. Na8 Qc8 19. Nb6
Qc7 20. Na8 Qc8 21. Nb6 {1/2 (21) Vachier Lagrave,M (2722)-Shirov, A (2714)
Biel 2011}) 12... cxb5 13. Bxa8 O-O 14. Bg2 Bd6 (14... Nd5 {- Nyzhnyk,I-Giri,A
EU-ch Plovdiv 2012}) 15. f4 Qb6 16. Be3 Rd8 17. Kh1 Nd5 18. Bg1 Bxe5 $6 19.
dxe5 Qa5 20. Qd4 $14 {Bachmann,A (2628)-Cubas,J (2459) 1/2 (70) Asuncion PAR
2014}) 6... cxb3 7. axb3 $146 {It is amazing that this standard idea is a
novelty! 7.Qb3, which was played in a game of low-rated players, is pointless.
Soon the game was transposed to another offbeat line.} e6 8. Ne5 Qb6 (8... Bb7
9. O-O Be7 10. Ba3 O-O 11. Bxe7 Qxe7 12. Qd2 Rc8 13. Rc1 a6 14. b4 Qd6 15. e3
Nbd7 16. Nd3 $6 (16. Qb2 $1 {with good chances to get an advantage}) 16... e5
$1 17. Qb2 exd4 18. Qxd4 Qxd4 19. exd4 Nd5 20. Nd2 $44 {Ragger,M (2632)
-Morozevich,A (2731) 0-1 (46) Dubai 2014}) 9. O-O Bb7 10. Nc3 Nbd7 11. Be3 Rd8
12. Bxc6 (12. d5 c5 13. Nc6 ({White can get a very complicated position after} 
13. Nc4 $5 bxc4 14. bxc4 exd5 15. Rb1 Qa6 (15... Qa5 16. Bd2 Qa6 17. Nb5 Rc8
18. Bf4 {leads to the same position}) 16. Nb5 Rc8 17. Bf4 Be7 18. cxd5 O-O (
18... c4 $5 19. Nc7+ Rxc7 20. Bxc7 Bc5 $13) 19. Nc7 Rxc7 20. Bxc7 Bd8 21. Ra1
Qb5 22. Rb1 Qa6 $11) 13... Bxc6 14. dxc6 Nb8 15. Nxb5 Rxd1 16. Rfxd1 Bd6 $4 (
16... Be7 $1 17. Rxa7 O-O 18. Rb7 Qa6 19. c7 Nc6 20. Bxc6 Qxc6 21. Rb8 Nd5 22.
c8=Q (22. Rxd5 $5 exd5 23. Bf4 c4 24. bxc4 Bc5 25. cxd5 Qd7 26. d6 g5 27. Be5
Qf5 28. Bd4 Qb1+ 29. Kg2 Qe4+ $11) 22... Qxc8 (22... Rxc8 23. Na7 Rxb8 24. Nxc6
Re8 25. Nxe7+ Rxe7 26. Bxc5 $16) 23. Rxc8 Rxc8 24. Rd3 c4 $11) 17. Nxd6+ Ke7
18. Nc4 Qb4 19. Rxa7+ Nbd7 20. cxd7 Rd8 21. Rb7 {1-0 Marin, M (2589)-Rodgaard,
J (2350) Reykjavik ISL 2015}) 12... Bxc6 13. d5 Bc5 (13... Nc5 $2 {leads to a
difficult position} 14. Nxc6 Nxd5 15. Nxd8 Nxc3 16. Qd2 b4 17. Rfd1 $1 {
(or 17.Rad1!)} Nxd1 18. Rxd1 {White is a pawn down and his knight on d8 is in
danger, but the position which has arisen is in his favour.} Be7 19. Bxc5 Qxd8
$8 (19... Qxc5 20. Qd7+ Kf8 21. Rd3 h5 22. Rf3 $18) 20. Qc1 Qc7 21. Bxb4 Qxc1
22. Rxc1 Kd7 23. Rd1+ Ke8 24. Bd2 a6 25. Be3 f6 26. Ra1 Kf7 27. Rxa6 Rb8 28.
Rb6 $16) 14. Nxc6 Bxe3 15. Nxd8 Kxd8 16. dxe6 (16. Nxb5 $5 Qxb5 (16... Ng4 17.
Nxa7 Nxf2 18. Qc2) 17. dxe6 Bxf2+ 18. Rxf2 fxe6) 16... fxe6 17. Nxb5 $2 Qxb5 $2
{Despite the fact that Black's position is still better, Loek has missed his
chance.} (17... Ng4 $1 {leads to a winning position:} 18. Qe1 ({The point is
that because of 16.dxe6 fxe6 White can't play} 18. Nxa7 {due to} Bxf2+ 19. Kh1
Qb7+) 18... Bxf2+ 19. Rxf2 Nxf2 20. Qxf2 Qxb5 $17) 18. fxe3 Ke7 {Loek wants to
finish his development.} (18... a6 {is a possible continuation. After} 19. Qd6
{Black's pieces are misplaced and he needs to go for the following variation:}
Qxe2 20. Rxa6 Qxe3+ 21. Kg2 Qe4+ 22. Kg1 (22. Kh3 Qg4+ $11) 22... Qe3+ $11) 19.
Rxa7 Rb8 $15 {Black is still slightly better, but it is very difficult to win
it. It would be great for Black if he managed to trade queens or rooks and
gain the b3-pawn.} 20. Qd4 Qd5 21. Rb1 ({White can solve all his problems after
} 21. Qxd5 exd5 (21... Nxd5 22. Rd1 Rxb3 23. Rxd7+ Kxd7 24. e4 $11) 22. Rb1 Rb4
23. h3 h5 $15) 21... Rxb3 22. Rxd7+ $5 (22. Rxb3 Qxb3 {should be drawish but
is a little bit unpleasant for White.}) 22... Nxd7 $8 23. Qxg7+ Kd6 24. Qxh7
Rxe3 25. Qc2 Qd4 ({Probably Black should have traded rooks instead of queens:} 
25... Re4 $5 26. Rd1 Rd4 27. Rxd4 Qxd4+ 28. Kg2 {White has very good drawing
chances.}) 26. Kf1 Rc3 (26... Ra3 $5 27. Rd1 Ra1 $15) 27. Rd1 Rxc2 28. Rxd4+
Ke7 {This position is rather drawish, but I'm not sure about the right
evaluation of this endgame. As far as I know, endgames of this sort are not
well explored. Sakhriyar has managed to find a reliable setup. So, my opinion
is based on the result of the game and on the computer's evaluation.} 29. Kf2
Ne5 30. h4 Rc4 31. Rf4 Rc2 (31... Rxf4+ $6 32. gxf4 Ng4+ 33. Kf3 Nf6 34. e4 Kf7
35. Ke3 Nh5 36. Kf3 $11) 32. Ke3 Rc1 33. Re4 Nc4+ 34. Kf2 Nd6 35. Rf4 Nf5 36.
h5 {Shakhriyar could wait with pawns on h4 and g3.} Nh6 37. g4 Nf7 38. Kg3 Rg1+
39. Kf2 Ra1 40. Kg3 Re1 41. Kf2 Rb1 42. Kg3 Rb2 43. Rf2 $2 (43. e3 Rb3 44. Kf2
Ng5 45. Ra4 Kf6 46. Ra8 Ke5 47. Ra5+ Kf6 48. Ra8 {and Black can't improve his
position.}) 43... Rb4 $2 (43... Ng5 $1 44. Rh2 Kf6 {and White is in danger,
probably the position which has arisen is lost for White.} 45. Rf2+ Ke5 46. Rh2
Ne4+ 47. Kh4 (47. Kf3 Rb3+ 48. Kg2 Kf4 49. h6 Rb8 $19) 47... Rb1 48. h6 Kf6 $19
) 44. e3 Re4 45. Kf3 Ra4 46. Kg3 Re4 47. Kf3 Ng5+ 48. Kg3 Nh7 49. Kf3 Ra4 50.
Kg3 Ra1 51. Rf4 ({Probably 51.Kh4 is more reliable. For example:} 51. Kh4 Rh1+
52. Kg3 Ng5 53. Rf4 Rh3+ 54. Kf2 Kd6 55. Rb4 Rf3+ 56. Ke2 Rf7 57. Rb5 Ne4 58.
Rb4 $11) 51... Rb1 52. Ra4 Kf6 53. Ra8 Rg1+ 54. Kh4 Rh1+ 55. Kg3 Rg1+ 56. Kh4
Rh1+ 57. Kg3 Ng5 58. Kg2 Rh4 59. Ra4 Rh3 60. Ra3 Rh4 61. Ra4 e5 62. Ra6+ Kf7
63. Ra7+ Ke6 64. Ra6+ Kd5 65. Ra4 Kc6 66. Kg3 ({It seems to be easier to play
Ra6, Rg6:} 66. Ra6+ Kb5 67. Rg6 Rxg4+ 68. Kf1 $11) 66... Rh3+ 67. Kf2 Kb5 68.
Ra8 Ne4+ 69. Ke2 Kc4 (69... Nf6 70. g5 Nxh5 71. Re8 {winning his opponent's
last pawn.}) 70. Ra5 Nc5 71. Kf2 Nd3+ 72. Kg2 Rxe3 73. h6 Nf4+ 74. Kf2 Rb3 75.
h7 Rh3 76. Rxe5 1/2-1/2

[Event "Cancan Veterans-Women"]
[Site "Roquebrune"]
[Date "1998.09.12"]
[Round "6"]
[White "Chiburdanidze, Maia"]
[Black "Smyslov, Vassily V"]
[Result "1-0"]
[WhiteElo "2525"]
[BlackElo "2500"]
[Annotator "Tsesarsky,I"]
[PlyCount "165"]
[EventDate "1998.09.07"]
[EventType "schev"]
[EventRounds "12"]
[EventCountry "FRA"]
[SourceTitle "CBM 067"]
[Source "ChessBase"]
[SourceDate "1998.11.30"]
[SourceVersion "2"]
[SourceVersionDate "1998.11.01"]
[SourceQuality "1"]

{[%mdl 20480]} 1. d4 d5 2. c4 c6 3. Nf3 Nf6 4. e3 dxc4 $6 (4... e6 5. Bd3 Nbd7
6. O-O dxc4 7. Bxc4 c5 (7... a6 8. Re1 b5 9. Bb3 c5 $11 (9... Be7 10. e4 O-O
11. Nc3 b4 12. Na4 $14 {0-1 Efimov,I-Antunes,A/Andorra op 1993/TD 93\07 (86)}))
(7... b5 8. Bd3 Bb7 9. e4 a6 10. a4 Qc7 (10... Be7 11. Nbd2 $5 $132 (11. Qe2
bxa4 12. Nc3 c5 $132 {1-0 Rashkovsky,N-Onischuk,A/Cap d'Agde op 1994/EXT 94op 
(40)})) (10... h6 11. axb5 axb5 12. Rxa8 Bxa8 13. Nbd2 Be7 (13... e5 14. dxe5
Ng4 15. e6 fxe6 16. h3 Nge5 17. Nxe5 Nxe5 18. Qh5+ Nf7 19. Nf3 $14) 14. Nb3 b4
15. Nfd2 c5 16. e5 Nd5 17. Nc4 cxd4 18. Qg4 $14 {1-0 Kurajica,B-Sion,M/Sevilla
op 1993 (24)}) 11. axb5 axb5 12. Rxa8+ Bxa8 13. Bg5 $14 {1-0 Kruppa,Y-Solovjov,
S/White Nights, St Petersburg RUS 1998 (30)}) 8. Nc3 a6 $132 (8... cxd4 9. exd4
Nb6 10. Bb3 Be7 11. Ne5 O-O 12. Re1 Nbd5 13. Qf3 a5 $6 14. Bg5 $16 {1-0
Zilberstein,D-Wolski,T/Linklater Int., San Francisco USA 1998 (21)})) (4...
Nbd7 $5 5. Nc3 (5. cxd5 cxd5 6. Nc3 e6 7. Be2 (7. Bd3 a6 8. O-O Bd6 $11 {
1/2-1/2 Sterk,K-Rethy,P/Budapest 1934 (76)}) 7... Bd6 8. O-O O-O $11 {1/2-1/2
Grünfeld,E-Havasi,K/Budapest 1934 (21)}) 5... e6 {-Theory}) 5. Bxc4 e6 $14 (
5... Nbd7 6. Qb3 e6 7. Nc3 Be7 8. O-O O-O 9. Rd1 $5 $14 (9. e4 b5 10. Bd3 (10.
Bxe6 fxe6 11. Qxe6+ Kh8 12. Qxc6 Rb8 (12... Qb6 13. Qxa8 Bb7 14. Qxf8+ Bxf8 15.
e5 Nd5 16. Ne2 $44) 13. a3 (13. Ng5 Rb6 14. Qa8 h6 $17) 13... Rb6 14. Qa8 Rb7
$1 $19 {[%csl Ra8]}) 10... e5 11. Be3 (11. Nxe5 Nxe5 12. dxe5 Ng4 (12... Qxd3
13. Nd5 $1 Qxb3 14. Nxe7+ Kh8 15. axb3 Nxe4 16. Nxc6 $16) 13. Bf4 (13. Be2 Nxe5
14. Rd1 Qc7 15. Bf4 (15. Qc2 Ng4 $132) 15... Nf3+ 16. Bxf3 Qxf4 $132) 13... Be6
$1 (13... Qxd3 14. Nd5 $1 Qxf1+ (14... Qxb3 15. Nxe7+ Kh8 16. axb3 $16) 15.
Rxf1 cxd5 16. exd5 $16) 14. Qc2 Qb8 15. Bg3 Nxe5 $132) 11... Ng4 $132)) 6. O-O
Nbd7 7. Qe2 (7. a4 $6 Qa5 8. Bd2 Bb4 9. Nc3 c5 10. Nb5 O-O 11. Rc1 (11. Bxb4
Qxb4 12. Rc1 b6 13. Nc7 Rb8 $11) 11... Bxd2 12. Qxd2 Qxd2 13. Nxd2 b6 (13...
cxd4 $11) 14. Nb3 a6 15. Nd6 cxd4 16. Nxd4 Nc5 (16... Ne8 $4 17. Nxc8 Rxc8 18.
Bxa6 $18 {1-0 Feist,R-Heckel,W/GER Mittelfranken-ch 1995/EXT 95ch (25)}) 17.
Nc6 Bd7 18. Ne7+ Kh8 $11) 7... Be7 $6 $16 (7... c5 $1 8. Rd1 cxd4 9. Nxd4 $32 {
[%csl Re6][%cal Gd1d8] +/=}) 8. e4 (8. Rd1 $5 O-O 9. e4 b5 10. Bb3 Bb7 11. Nc3
Nb6 12. e5 Nfd5 13. Ne4 $16 {1-0 Joge,F-Golles,H/Zalakaros '92 1992 (30)}) 8...
a6 9. Nc3 (9. a4 O-O 10. Nc3 $14) 9... O-O 10. Bg5 h6 11. Bd2 (11. Bh4 b5 12.
Bd3 b4 13. Na4 Bb7 14. e5 Nd5 15. Qe4 g6 16. Bxe7 Qxe7 17. Rac1 $16) 11... Re8
12. Rac1 (12. e5 Nd5 13. Qe4 $16) 12... Nf8 (12... b5 13. Bb3 Bb7 14. e5 Nd5
15. Qe4 $1 $16 {[%csl Rg8][%cal Gb3c2,Ge4g4]}) 13. Bd3 (13. e5 Nd5 14. Qe4 $16
(14. Ne4 $5 $16 {[%csl Rc8]})) 13... Bd7 14. a3 c5 15. e5 (15. dxc5 Bxc5 16. e5
N6h7 17. Rfd1 $16 (17. Be4 $16 {This Game})) 15... N6h7 16. dxc5 Bxc5 17. Be4
$5 (17. Rfd1 $16) 17... Qb8 (17... Bc6 18. Bxc6 bxc6 19. Na4 $16) 18. Rfd1 Rd8
(18... Be7 19. Be3 $16) 19. b4 Bb6 20. Be3 Bc7 (20... Bxe3 21. Qxe3 $16) 21.
Bc5 (21. Qc4 Bxe5 22. Nxe5 Qxe5 23. Bf4 Bb5 $1 24. Bxe5 Bxc4 25. Bxb7 Rxd1+ 26.
Rxd1 (26. Nxd1 Rd8 27. Ne3 $14) 26... Ra7 27. Bc6 $16) 21... Bc6 $2 $18 (21...
f5 $1 22. exf6 Nxf6 23. Bc2 (23. Be7 Nxe4 24. Nxe4 Bb5 $1 25. Qa2 Re8 26. Bxf8
Rxf8 27. Qxe6+ Kh8 $16) 23... Bf4 24. Be3 $16) 22. Bxc6 bxc6 23. Nd4 (23. Qe4
Ng6 24. Rxd8+ Qxd8 25. Rd1 (25. Qxc6 $2 Nxe5 26. Nxe5 Bxe5 27. Rd1 Qc8 $11)
25... Qe8 26. Bd6 $16) 23... Ng6 (23... Bxe5 24. Nxc6 Bxh2+ 25. Kh1 Rxd1+ 26.
Rxd1 Qc7 27. Ne7+ Kh8 28. Qf3 $1 $18 (28. g3 $4 Bxg3 29. fxg3 Qxg3 30. Rd3 Qh4+
31. Kg2 $132)) 24. Nxc6 Rxd1+ 25. Nxd1 (25. Qxd1 Qe8 26. Bd6 Bxd6 27. Qxd6 Ng5
28. f3 $18) 25... Qe8 26. Bd4 (26. Bd6 Bxd6 27. exd6 Qd7 28. Qe4 Re8 29. Qd3
Nf4 30. Qxa6 Qxd6 31. Ne3 $18) 26... Qd7 27. Ne3 Ng5 28. g3 (28. Rc2 Bd8 29. h3
$18) 28... Ne7 (28... Rc8 29. Qxa6 Nf3+ 30. Kg2 Nxd4 31. Nxd4 Nxe5 32. Nb5 $18)
29. Nxe7+ Qxe7 30. h4 Nh7 31. Rc6 (31. Qc4 $1 Qd7 (31... Bd8 32. Qc6 Rb8 33.
Bc5 Qc7 34. Qe8+ $18) 32. Qxc7 Qxd4 33. Qb7 Rf8 34. Nc4 g5 35. h5 (35. Qxa6
gxh4 36. Qd6 Qe4 37. Nd2 Qe2 38. Rc3 Qe1+ 39. Kg2 h3+ 40. Kxh3 Qxf2 $132) 35...
g4 36. Qxa6 Ng5 37. Qb6 Nf3+ 38. Kh1 Rc8 (38... Qxb6 39. Nxb6 Nxe5 40. a4 $18)
39. Qxd4 Nxd4 40. a4 $18) 31... Qd7 32. Qc4 Bd8 33. a4 $2 $16 (33. Bb6 $1 Be7 (
33... Bxb6 34. Rxb6 $18) 34. Rc7 Qe8 35. Qc6 Qxc6 36. Rxc6 Nf8 37. Bc5 $18)
33... Nf8 34. a5 (34. Bb2 $16) 34... Ng6 (34... Qb7 35. f4 Ng6 $16) 35. h5 (35.
Rd6 Qb7 36. Qc6 $16) 35... Ne7 36. Rd6 Qb7 37. Bb6 Bxb6 38. Rxb6 Qf3 (38... Qa7
39. Qd3 Kh8 40. Qd6 Kg8 41. g4 $22 $16) 39. Qg4 Qxg4 40. Nxg4 Nd5 41. Rb7 Rc8
$2 $18 (41... Nc3 42. Ne3 Nb5 $16) 42. Ne3 $1 (42. b5 axb5 43. Rxb5 Ra8 (43...
Rc1+ 44. Kg2 Ra1 45. Rb8+ Kh7 46. Ra8 g6 $16) 44. Rc5 Kf8 45. Kg2 Ke7 46. Kf3
Kd7 47. Ne3 Nb4 $16) 42... Nxe3 (42... Nc3 43. Rb6 Ra8 44. f4 $18) 43. fxe3 Rc2
44. Rb6 Rb2 45. Kf1 $2 $16 {Very Bad...} (45. Rxa6 $1 Rxb4 46. Ra8+ Kh7 47. a6
Ra4 48. Kf2 g6 49. g4 $18) 45... Kh7 46. Ke1 $2 $11 {Two Tempos is too much...}
(46. Rxa6 Rxb4 47. Ra7 (47. Ra8 Rb5 48. a6 Rxe5 49. a7 Ra5 50. Ke2 g6 51. hxg6+
fxg6 52. Kd3 h5 53. Kc4 g5 54. Kb4 Ra1 $11) 47... Rb5 48. a6 Rxe5 49. Rxf7 Rxh5
50. Re7 Ra5 51. Rxe6 Ra2 $16) 46... g6 47. g4 Kg7 48. Kd1 (48. hxg6 Kxg6 49.
Rxa6 Rxb4 50. Ra8 Kg7 51. a6 Rxg4 $11) 48... Rg2 49. Rxa6 (49. hxg6 Rxg4 50.
gxf7 Kxf7 51. Ke2 h5 52. Kf3 Rc4 53. Kg3 (53. Rxa6 Rxb4 54. Ra8 Ra4 55. a6 Kg7
56. a7 Ra5 57. Kg3 Ra4 58. e4 Ra5 59. Kh4 Kh7 60. Kg3 Kg7 61. Kf4 Kh7 $11)
53... Rg4+ 54. Kf3 (54. Kh3 Re4 $11) 54... Rc4 $11) 49... Rxg4 50. b5 (50. Rb6
gxh5 51. a6 h4 52. b5 h3 53. a7 Rg1+ 54. Ke2 h2 (54... Ra1 55. Ra6 $18) 55.
a8=Q h1=Q 56. Qxh1 Rxh1 $11) 50... gxh5 51. Ke2 (51. b6 h4 (51... Rb4 52. Ke2
$1 h4 53. Kf3 Kg6 54. Ra7 Rb2 55. Kg4 $1 $18) 52. b7 h3 53. b8=Q h2 54. Qb7
Rg1+ 55. Ke2 h1=Q 56. Qxh1 Rxh1 57. Ra7 Rh5 58. a6 Rxe5 59. Rd7 Ra5 60. a7 Kg6
$11) 51... h4 52. Rc6 h3 53. Rc1 h2 54. Kf2 (54. Rh1 Rb4 55. b6 Rb5 56. Rxh2
Rxa5 $17) 54... Rc4 55. Rh1 Rc5 56. Kg2 Rxb5 57. Ra1 Rb2+ (57... Rb7 58. a6 Ra7
59. Kxh2 Kg6 60. Kg3 Kf5 61. Ra5 Ke4 62. Kg4 Kxe3 63. Ra4 Kd3 64. Kh5 Kc3 65.
Kxh6 Kb3 66. Ra1 Kc4 67. Kg5 Kb5 68. Kf6 Kc5 69. Ra5+ Kb6 70. Ra1 Kb5 $11) 58.
Kh1 Kg6 $4 $18 {Ununderstandable!This move was done by famous endgames
specialist...} (58... Rb7 $11) 59. a6 Rb8 60. Kxh2 Kf5 61. a7 Ra8 62. Ra5 Kg4 (
62... Ke4 63. Kg3 Kxe3 64. Ra4 Kd3 65. Kh4 Kc3 66. Kh5 Kb3 67. Ra1 Kb2 (67...
Kc4 68. Kxh6 Kd5 69. Ra5+ $18) 68. Ra6 $18) 63. Kg2 h5 64. Kf2 h4 65. Kg2 Kf5
66. Kf3 Kg5 67. Ra4 Kf5 68. Ra5 Kg5 69. Kg2 Kg4 70. Kh2 Kf5 (70... h3 71. Ra3
Kf5 72. Kxh3 Kxe5 73. Ra4 (73. Kg4 Ke4 74. Kg5 f5 75. Kf6 Kd5 76. Ra4 $18)
73... Kd6 74. Kg4 Kc7 75. Kg5 Kb6 76. Kf6 $18) 71. Kh3 Kg5 72. Ra4 Kf5 73. Kxh4
Kxe5 74. Kg5 f5 75. Kg6 Kd6 76. Ra5 Ke7 77. Kg7 Kd6 78. Kf6 Rf8+ 79. Kg5 Rg8+
80. Kf4 Ra8 81. Ra1 Kd5 82. Ra4 Kd6 83. Ra5 {Both sides showed "Great Endgame
Play"!} (83. Ra5 Kd7 84. Ke5 Ke7 85. Ra1 Kd7 86. Ra6 $18) 1-0

[Event "ISR-chT"]
[Site "Ramat Aviv"]
[Date "2000.01.21"]
[Round "2.3"]
[White "Peker, Oleg"]
[Black "Tyomkin, Dimitri"]
[Result "1/2-1/2"]
[WhiteElo "2385"]
[BlackElo "2516"]
[Annotator "Tyomkin,D"]
[PlyCount "68"]
[EventDate "2000.01.14"]
[EventType "team"]
[EventRounds "11"]
[EventCountry "ISR"]
[SourceTitle "CBM 077"]
[Source "ChessBase"]
[SourceDate "2000.07.27"]
[SourceVersion "1"]
[SourceVersionDate "2000.07.27"]
[SourceQuality "1"]
[WhiteTeam "Petah Tikva Hapoel"]
[BlackTeam "Petah Tikva Elitzur"]
[WhiteTeamCountry "ISR"]
[BlackTeamCountry "ISR"]

1. d4 d5 2. c4 c6 3. Nf3 Nf6 4. Qc2 g6 {I found this move as a logical reply
on Qc2. The idea is to develop the bishop to f5, geining a tempo.} 5. Bf4 Bf5
6. Qb3 Qb6 7. Nbd2 {Whites idea is to develop the bishop to g2, but white has
to defend the pawn c4 at first.} ({Another alternative for white is} 7. e3 {
but black has a strong reply on this move} Na6 $1 {[%cal Ga6b4]}) 7... dxc4 $1
{[%mdl 4] It forces the ending, which is even slightly better for black. In
both cases, 8.Nxc4 and 8.Qxb6, black gets better pawn structure on the
queenside.} (7... Bg7 8. e3 Nbd7 9. h3 O-O 10. c5 Qxb3 11. axb3 Ne4 12. b4 Rfe8
13. Nb3 e5 $11 {1/2-1/2 Chernin,A-Strauss,D/USA 1990/EXT 97 (24)}) 8. Nxc4 (8.
Qxb6 axb6 9. Nxc4 Nbd7 {[%csl Ya8][%cal Gf8g7,Ya8a2] Black has a pleasant
spawn structure on the queenside, and open a-file for the rook. Blacks chances
are even better in this ending.}) 8... Qxb3 9. axb3 {White pawns d4, b3 and b2
are potential weaknesses.} Nbd7 (9... Na6 $5 {[%cal Ga6b4] was very unpleasant
for black. But I decided to take control over e5-square, which is not bed too.
Black is playing for advantage in this ending.}) 10. g3 $146 (10. Na5 Nd5 11.
Bd2 Rb8 12. Nh4 e6 13. f3 Be7 14. g3 Nb4 15. Kf2 Bc2 16. Rc1 g5 17. Ng2 Bg6 18.
h4 f6 19. Rc4 Na6 20. e4 c5 21. Be3 Bd8 22. Ra4 cxd4 23. Bxd4 Nac5 24. Ra3 Bxa5
25. Bxc5 Nxc5 26. Rxa5 Nxb3 27. Rxa7 Ke7 28. Bc4 Nd4 29. Rd1 Nc6 30. Ra3 Rhd8
31. Rad3 Rxd3 32. Bxd3 Rd8 33. Ke3 Ne5 34. Rd2 Bh5 35. hxg5 Rxd3+ 36. Rxd3 Nxd3
37. gxf6+ Kxf6 38. Kxd3 Bxf3 39. Ne3 e5 40. Nc4 Bg2 41. Ne3 Bf3 42. Nc4 b5 43.
Nd6 Bg2 44. Ke3 b4 45. Nc4 h5 46. Na5 Kg5 47. Nc6 Kg4 48. Kf2 Bxe4 49. Nxe5+
Kf5 50. Nc4 Bd3 51. Nd2 Ke5 52. Ke3 Bg6 53. Nf3+ Kd5 54. Nd2 Ke5 55. Nf3+ {
1/2-1/2 Skembris,S-Wiedenkeller,M/Banja Luka 1987/EXT 97 (55)}) 10... Bg7 11.
Bg2 (11. Na5 c5 $1 12. dxc5 (12. Nxb7 cxd4 {[%cal Gf5e4,Yf6d5]}) 12... Nxc5 13.
Bg2 Be4 $15) 11... Be4 $1 {e4 is a key square in this position, and black is
hurrying up to take control over that point.} 12. Ncd2 Bd5 13. O-O O-O 14. Ne5
(14. Rfe1 {[%cal Ye2e4] /\e4} Ne4 $15) 14... Bxg2 15. Kxg2 Rfd8 $15 16. Ndc4
Nxe5 (16... c5 17. Rfd1 cxd4 18. Rxd4 Nxe5 $11) ({It was neccesary to open the
bishop g7, creating a pressure on big diagonal.} 16... Nd5 $142 17. Bd2 (17.
Nxd7 Rxd7 (17... Nxf4+ $2 18. gxf4 Rxd7 19. Nb6) 18. e3 $140 $2 f6 {/\g5}) (17.
Rfd1 Nxe5 18. Bxe5 f6 $15) 17... Nxe5 18. dxe5 (18. Nxe5 c5 $17) 18... Nc7 $15
{[%csl Ya7,Rb2,Rb3,Yb7,Yc6,Re5] Black got pawns advantage on the queenside.
Pawn on e5 is much more vulnerable than on d4.}) 17. Bxe5 Nd5 18. Bxg7 Kxg7 $11
{With trade of light pieces, black had missed his advantage. Now black can not
create a pressure on whites weaknesses.} 19. Rfd1 Nc7 20. e3 f6 21. Rdc1 Kf7 (
21... Rd5 {[%cal Gd5b5]} 22. Ra5 {All trades are profitable for white.}) 22.
Ra5 Nb5 23. Na3 Nxa3 24. bxa3 Ke6 25. Kf3 Rd5 26. Rxd5 Kxd5 27. Rc5+ Kd6 28.
Rc2 a5 {[%cal Ga8a6,Ga6b6]} 29. e4 Ra6 30. Ke3 Rb6 31. Rc3 {The only weakness
of white is b3-pawn. Black can not create additianal weaknesses in whites
position, and that is why the ending is drawn.} Rb5 32. f3 e5 33. dxe5+ Rxe5
34. Rd3+ Kc7 1/2-1/2